Marques vestimentaires les plus vendues en France - Statistiques

Statistiques générales
  • Ce quiz a été pris 730 fois
  • Le résultat moyen est 5 sur 10
Statistiques - réponses
Classement Marques % Correct
3 Nike
90%
4 Adidas
87%
1 Zara
74%
9 Puma
66%
2 H&M
64%
8 C&A
36%
5 Levi's
30%
7 Celio
22%
6 Uniqlo
9%
10 Esprit
0%
Aucun quiz correspondant
Distribution des résultats
% des personnes avec chaque résultat
Percentile par nombre de réponses
Votre historique - résultats
Vous n’avez pas pris ce quiz